00254nam a2200109Ia 4500008004100000082001500041100001500056245003500071250000800106260002200114300000800136150301s2004 xx 000 0 und d a641.3bIGO aIGOE, R.S. aDICTIONARY OF FOOD INGREDIENTS a3RD bCBS- DELHI.c2004 a200